Hh / (Record no. 27527)

MARC details
000 -CABECERA
campo de control de longitud fija 00633nam a2200229 a 4500
005 - FECHA Y HORA DE LA ÚLTIMA TRANSACCIÓN
campo de control 20210219151108.0
008 - ELEMENTOS DE LONGITUD FIJA--INFORMACIÓN GENERAL
campo de control de longitud fija 991125s1974 lon 000 0 eng u
020 ## - NÚMERO INTERNACIONAL NORMALIZADO PARA LIBROS
Número Internacional Estándar del Libro 333165713
035 ## - NÚMERO DE CONTROL DEL SISTEMA
Número de control de sistema UPN01000027527
049 ## - COLECCIÓN
Colección F
050 #4 - SIGNATURA TOPOGRÁFICA DE LA BIBLIOTECA DEL CONGRESO
Número de clasificación PE1117 L3
Número de documento/Ítem W5.3
100 1# - ASIENTO PRINCIPAL--NOMBRE PERSONAL
Nombre de persona Williams, Ferelith Eccles
245 10 - MENCIÓN DE TÍTULO
Título Hh /
Mención de responsabilidad, etc. artist Ferelith Eccles Williams
260 ## - PUBLICACIÓN, DISTRIBUCIÓN, ETC.
Lugar de publicación, distribución, etc. London :
Nombre del editor, distribuidor, etc. MacMillan,
Fecha de publicación, distribución, etc. 1974
300 ## - DESCRIPCIÓN FÍSICA
Extensión [8] p. :
Otras características físicas todas il. col.
440 #0 - MENCIÓN DE SERIE/ASIENTO SECUNDARIO--TÍTULO
Título Language in action
520 ## - NOTA DE RESUMEN, ETC.
Sumario, etc. "The language project"
520 ## - NOTA DE RESUMEN, ETC.
Sumario, etc. Datos tomados de la cubierta
902 ## - ELEMENTOS DE DATOS B LOCAL, LDB (RLIN)
Creó CAV CARLOS AGUILAR VILLA
904 ## - ELEMENTOS DE DATOS D LOCAL, LDD (RLIN)
a AC
b 027528
905 ## - TIPO DE MATERIAL
Tipo de material Libro
Holdings
Estado de retiro Estado de pérdida Fuente del sistema de clasificación o colocación Estado dañado No para préstamo Código de colección Localización permanente Ubicación/localización actual Ubicación en estantería Fecha de adquisición Enumeración/cronología de publicación seriada Clasificación Código de barras Fecha visto por última vez Número de copia Tipo de ítem Koha
    Library of Congress Classification   Disponible (Préstamo en sala) Folletería Bib. Gregorio Torres Quintero Bib. Gregorio Torres Quintero Colecciones especiales Planta alta 04/05/2023 - PE1117 L3 W5.3 306f 31/12/2020 1 Folleto